| 000 | 00443nam a2200181Ia 4500 | ||
|---|---|---|---|
| 005 | 20251020182530.0 | ||
| 008 | 200515s9999 xx 000 0 und d | ||
| 082 | _a699.81/B27 | ||
| 100 | _aBAYON, René | ||
| 245 | 0 | _aLa protección contra incendios en la construcción | |
| 260 | _aBarcelona | ||
| 260 | _c1978 | ||
| 500 | _a1 ejemplar | ||
| 650 | _aINCENDIOS | ||
| 650 | _aLIB | ||
| 650 | _aPROTECCION CONTRA INCENDIOS | ||
| 942 | _cLIB | ||
| 999 |
_c2050 _d2050 |
||